Gaming Quiz

Random Gaming or Clickable Quiz
Score 0/65 Timer 10:00
0 Plays Today
% Correct
norman
87.2%
norman
84.9%
roxanne
83.7%
brawly
83.7%
wattson
83.7%
flannery
83.7%
tate and liza
83.7%
wattson
82.6%
steven
82.6%
flannery
81.4%
tate and liza
81.4%
steven
81.4%
roxanne
80.2%
wattson
80.2%
wattson
80.2%
flannery
80.2%
wallace
80.2%
glacia
80.2%
drake
80.2%
steven
80.2%
wattson
79.1%
norman
79.1%
tate and liza
79.1%
wallace
79.1%
sidney
79.1%
phoebe
79.1%
drake
79.1%
steven
79.1%
steven
79.1%
brawly
77.9%
winona
77.9%
winona
77.9%
winona
77.9%
% Correct
drake
77.9%
winona
76.7%
sidney
76.7%
sidney
76.7%
sidney
76.7%
glacia
76.7%
drake
76.7%
drake
76.7%
brawly
75.6%
norman
75.6%
winona
75.6%
tate and liza
75.6%
wallace
75.6%
wallace
75.6%
wallace
75.6%
sidney
75.6%
phoebe
75.6%
flannery
74.4%
winona
74.4%
wallace
74.4%
wallace
74.4%
juan
74.4%
steven
74.4%
wallace
73.3%
juan
73.3%
juan
73.3%
juan
73.3%
phoebe
73.3%
glacia
73.3%
juan
72.1%
sidney
72.1%
wallace
69.8%
Remove Ads.
Support Sporcle.
Get the best of Sporcle when you Go Orange. This ad-free experience offers more features, more stats, and more fun while also helping to support Sporcle. Thank you for becoming a member.

You're not logged in!

Compare scores with friends on all Sporcle quizzes.
OR
Log In

Show Comments

Extras

Top Quizzes Today


Score Distribution

Your Account Isn't Verified!

In order to create a playlist on Sporcle, you need to verify the email address you used during registration. Go to your Sporcle Settings to finish the process.

Report this User

Report this user for behavior that violates our Community Guidelines.

Details: